50 High Impact Speeches and Remarks (Record no. 301360)

000 -LEADER
fixed length control field 00321 a2200133 4500
001 - CONTROL NUMBER
control field 66287
082 ## - DEWEY DECIMAL CLASSIFICATION NUMBER
Classification number 815.508 KAD
090 ## - LOCALLY ASSIGNED LC-TYPE CALL NUMBER (OCLC); LOCAL CALL NUMBER (RLIN)
-- 38530
-- 38530
100 ## - MAIN ENTRY--PERSONAL NAME
Personal name John Kador
245 ## - TITLE STATEMENT
Title 50 High Impact Speeches and Remarks
260 ## - PUBLICATION, DISTRIBUTION, ETC.
Place of publication, distribution, etc. New york
Name of publisher, distributor, etc. McGraw Hill
Date of publication, distribution, etc. 2004
300 ## - PHYSICAL DESCRIPTION
Extent 280p.
740 ## - ADDED ENTRY--UNCONTROLLED RELATED/ANALYTICAL TITLE
Uncontrolled related/analytical title High Impact Speeches
942 ## - ADDED ENTRY ELEMENTS (KOHA)
Institution code [OBSOLETE] NUST-CAE
Call number prefix 815.508 KAD
Holdings
Withdrawn status Lost status Damaged status Not for loan Collection code Permanent Location Current Location Date acquired Total Checkouts Full call number Barcode Date last seen Price effective from Koha item type
          College of Aeronautical Engineering (CAE) College of Aeronautical Engineering (CAE) 04/03/2017   815.508 KAD CAE81606 04/05/2017 04/05/2017 Book
© 2023 Central Library, National University of Sciences and Technology. All Rights Reserved.